000 00973nam a2200313 i 4500
001 177576
003 ES-MaACL
005 20230906220351.0
007 t|
008 110404s1977 sp |||| | spa d
020 _a84-7423-027-6
080 _a82-343.09
080 _a159.964.28:398
080 _a159.922.7
100 1 _aBettelheim, Bruno.
_928677
245 1 0 _aPsicoanálisis de los cuentos de hadas /
_cBruno Bettelheim ; traducción castellana de Silvia Furió.
260 _aBarcelona :
_bCrítica,
_cimp. 1977.
300 _a463 p. ;
_c20 cm.
490 1 _aEstudios y ensayos ;
_v24
500 _aÍndice.
504 _aBibliografía: p. 449-452.
650 4 _aCuentos de hadas-
_vHistoria y crítica.
_911482
650 4 _aPsicoanálisis y folklore.
_9145953
650 0 4 _aNiños-
_xPsicología.
_915554
700 1 _aFurió, Silvia.
_953039
830 0 _aEstudios y ensayos ;
_v24
_9181863
852 _aES-MaACL
_jE-14784
999 _c177576
_d177576